01440nam a2200313Ia 4500001000400000003000400004005001700008008004100025020001800066040000800084041000900092082001600101100002500117240004100142245010200183250001000285260003900295300001500334520059200349650002500941650001900966650001300985650001200998650001701010655001201027655001601039700004001055830003101095305OSt20250528074017.0250324b ||||| |||| 00| 1 por d a9788578832294 bpor apor  a028.5bK64d1 aKinney, Jeff,d1971- aDiary of a wimpy kid: The Last Straw aDiário de um bananab: a gota d'águac/ Kinney, Jeff ; tradução Antonio de Macedo Soares. a2.ed. aSão PaulobVergara & Ribac2010. a217p.bil. aA verdade é esta: Greg Heffley nunca deixará de ser um banana. Alguém precisa de explicar isto ao seu pai. Porque Frank Heffley acredita que conseguirá endurecer o filho e inscreve-o em desportos de equipa e noutras atividades «másculas». Claro que Greg consegue esquivar-se facilmente aos esforços do pai para o mudar. Mas, quando o pai ameaça enviá-lo para uma escola militar, o Greg percebe que tem de se tornar duro… ou não terá salvação. Este livro é o terceiro volume do diário de Greg, um verdadeiro banana, um romance com cartoons muito divertido. 0aLiteratura Americana 0aInfantojuvenil 0aDiário 0aAmizade 0aVida escolar 0aRomance 0aFicção 1 aSoares, Antonio de MacedoeTRADUTOR aDiário de um bananavv.2